000
00257nam a2200097Ia 4500
001
1076111
005
20250827002251.0
008
250824s9999 xx 000 0 und d
245
0
_a
İNSANIN ACAYİP KISA TARİHİ
_c
GÜRAY SÜRGÜ
260
_b
KETEBE YAYINLARI
999
_c
1076111
_d
1076111